Регионална библиотека "Любен Каравелов" - Русе

Западноевропейская живопись (Запис номер 115344)

MARC детайли
000 -Лидер
Контролно поле с фиксирана дължина 01724nam a2200517 c 4500
003 - Код на организацията, давaща контролен номер
Контролно поле BLK
005 - Дата и час на последна редакция
Контролно поле 20250218102902.0
008 - Елементи от данни с фиксирана дължина
fixed length control field 180409b bul|||||r ||||||| ||bul||
010 ## - Наследен системен номер
LC control number KNG00120825000
040 ## - Източник на каталожния запис
Идентификатор на билиотеката - собственик на записа BLK
041 ## - Код за език
Код за езика на текст/звукозапис или на отделно заглавие Руски
Код за езика КДБФ Руски
080 ## - УДК
Текстов определител УДК Живопис
УДК код - определител по УДК 75
УДК определител (4-15)
УДК - код + определител 75(4-15)
139 ## - Редно поле
Редна дума Западноевропейская живопись
Авторски знак Зап - З 32
245 10 - Сведения за заглавието
Заглавие Западноевропейская живопись
Подзаглавни данни Гос. Эрмитаж : Каталог 1 -
Том Кат. 2
250 ## - Област на изданието
Сведения за изданието 2. изд. испр. и испр.
257 ## - Страна на издаване
Страна на създаване/издаване Русия
260 ## - Област на издателските данни
Име на издателя, разпространителя и проч. Искусство
Година на издаване 1981 -
300 ## - Физическа характеристика
Размери/Мащаб 26 см
380 ## - Жанр
Жанр Изкуство
650 #4 - Допълнително описание по предмет – тема
Основно описание – тема или топоним Живопис - галерии, изложби, колекции и музеи
9 (RLIN) 254628
651 #0 - Допълнително описание по предмет - топоним
Географско понятие Западна Европа
9 (RLIN) 243454
653 ## - Ключова дума – ненормативна
Ключова дума западноевропейска живопис
653 ## - Ключова дума – ненормативна
Ключова дума Ермитаж
653 ## - Ключова дума – ненормативна
Ключова дума Нидерландия
653 ## - Ключова дума – ненормативна
Ключова дума Фландрия
653 ## - Ключова дума – ненормативна
Ключова дума Белгия
653 ## - Ключова дума – ненормативна
Ключова дума Холандия
653 ## - Ключова дума – ненормативна
Ключова дума Германия
653 ## - Ключова дума – ненормативна
Ключова дума Австрия
653 ## - Ключова дума – ненормативна
Ключова дума Англия
653 ## - Ключова дума – ненормативна
Ключова дума Дания
653 ## - Ключова дума – ненормативна
Ключова дума Норвегия
653 ## - Ключова дума – ненормативна
Ключова дума Финландия
653 ## - Ключова дума – ненормативна
Ключова дума Швеция
653 ## - Ключова дума – ненормативна
Ключова дума Унгария
653 ## - Ключова дума – ненормативна
Ключова дума Полша
653 ## - Ключова дума – ненормативна
Ключова дума Румъния
653 ## - Ключова дума – ненормативна
Ключова дума Чехословакия
760 1# - Описание на основната серия
Издание 2. изд. испр. и испр.
Място на издаване, издател и година 1981
Страници - том 356 с. : с ил.
Заглавие Кат. 2
856 4# - Електронен адрес и достъп
Електронен формат pdf - файл
856 4# - Електронен адрес и достъп
Електронен формат pdf - файл
999 ## - СИСТЕМНИ КОНТРОЛНИ НОМЕРА
Koha biblionumber 115344
Koha biblioitemnumber 115344
942 ## - АРТИКУЛИ
Вид на библиотечния материал Книги
Скрит в OPAC Не
Периодичен библиозапис Да
944 ## - СЪЗДАВАНЕ И РЕДАКЦИЯ на ЗАПИСА
Създаване/Редакция Създаване
Дата на регистрацията/редакция 14.01.2011
Статус, дата на статуса Геновева Генчева
Служител, извършил регистрацията/редакцията 30560
944 ## - СЪЗДАВАНЕ И РЕДАКЦИЯ на ЗАПИСА
Създаване/Редакция Редакция
Дата на регистрацията/редакция 14.01.2011
Статус, дата на статуса добави в АБ / 13.01.2011
999 ## - СИСТЕМНИ КОНТРОЛНИ НОМЕРА
Koha biblioitemnumber 115344
Наличности
Код за отписване Код за изгубен артикул Източник на класификационната схема Код за повреда Коз за рестрикции Код за отдаване Артикулен № Име на библиотеката - собственик Име на библиотеката, в която се намира в момента Статус (Текущо местоположение) Дата на вписване в системата Местоположение - отдел Цена в лева Инвентарен номер Систематично азбучна сигнатура Баркод Номер на екземпляра Цена в евро Служебна бележка Служебен тип на артикула
  Не е изгубен Universal Decimal Classification Не е повреден само за читалня ползва се в читалня 185251 Регионална библиотека "Любен Каравелов" Русе Регионална библиотека "Любен Каравелов" Русе Хранилище 1981-01-01 Хранилище 4.24 351185 Цб II 24673 120000351185 1 2.17 N: стар фонд Дата: 01.01.1981 Дата инв: 16.06.2017 Бележки инв: СИ2017 Книги
Vip Innovations Ltd, Rousse, Bulgaria 2025